[Event "Frankfurt-chA"]
[Site "Frankfurt"]
[Date "2012.06.11"]
[Round "6"]
[White "Kuhn, Gerhard"]
[Black "Meiser, Nicolas"]
[Result "0-1"]
[WhiteElo "1949"]
[BlackElo "1839"]
[PlyCount "76"]
[EventDate "2012.04.30"]
[EventType "swiss"]
[EventRounds "7"]
[EventCountry "GER"]
[SourceTitle "EXT 2013"]
[Source "ChessBase"]
[SourceDate "2012.11.22"]
[SourceVersion "1"]
[SourceVersionDate "2012.11.22"]
[SourceQuality "1"]

1. e4 c6 2. d4 d5 3. Nc3 dxe4 4. Nxe4 Bf5 5. Ng3 Bg6 6. h4 h6 7. Nf3 Nd7 8. h5 Bh7 9. Bd3 Bxd3 10. Qxd3 e6 11. Bf4 Qa5+ 12. Bd2 Bb4 13. c3 Be7 14. c4 Qc7 15. 0-0-0 Ngf6 16. Kb1 0-0 17. Rhe1 Rfe8 18. Bc3 Rad8 19. Qc2 b5 20. Qd2 bxc4 21. Ba5 Nb6 22. Qc2 Nfd5 23. a3 c5 24. Ne4 cxd4 25. Nxd4 Bf6 26. Nxf6+ Nxf6 27. Nf3 Qc5 28. Bb4 Qxh5 29. Bc3 Rxd1+ 30. Rxd1 Nfd5 31. Be5 f6 32. Bd4 e5 33. Bxb6 Nxb6 34. Qe4 Qf7 35. Qc6 Rc8 36. Qe4 c3 37. Rc1 Qb3 38. Rc2 Nc4 0-1

[Event "Frankfurt-chA"]
[Site "Frankfurt"]
[Date "2012.05.31"]
[Round "4"]
[White "Czech, Ludwig"]
[Black "Meiser, Nicolas"]
[Result "1/2-1/2"]
[WhiteElo "1961"]
[BlackElo "1839"]
[PlyCount "126"]
[EventDate "2012.04.30"]
[EventType "swiss"]
[EventRounds "7"]
[EventCountry "GER"]
[SourceTitle "EXT 2013"]
[Source "ChessBase"]
[SourceDate "2012.11.22"]
[SourceVersion "1"]
[SourceVersionDate "2012.11.22"]
[SourceQuality "1"]

1. c4 c6 2. Nf3 Nf6 3. g3 d5 4. Bg2 e6 5. b3 Be7 6. Bb2 Nbd7 7. 0-0 0-0 8. Qc2 b6 9. Nc3 Bb7 10. d4 Re8 11. Rac1 Rc8 12. Qb1 Ba6 13. cxd5 cxd5 14. Rc2 Bb4 15. a3 Bxc3 16. Bxc3 Bxe2 17. Rxe2 Rxc3 18. Rc1 Ne4 19. Ne1 Ndf6 20. f3 Rxc1 21. Qxc1 Nd6 22. Bf1 Qb8 23. Rc2 Rc8 24. Bd3 Rxc2 25. Nxc2 Qc7 26. Qd2 Nd7 27. Qe1 a5 28. Kg2 Qc6 29. h4 Nb5 30. b4 axb4 31. Nxb4 Qc3 32. Qxc3 Nxc3 33. Kf2 e5 34. Bf5 Nf6 35. dxe5 Ne8 36. Ke3 g6 37. Bd3 Nc7 38. Kd4 N7b5+ 39. Bxb5 Nxb5+ 40. Kxd5 Nxa3 41. g4 Kf8 42. f4 Nb1 43. Kc6 Nc3 44. Kxb6 Ne2 45. Nd5 Ng3 46. Nf6 Ne2 47. Nd5 Ng3 48. Ne3 Ne2 49. Ng2 Ke7 50. Kc5 Ke6 51. Kc4 h5 52. gxh5 gxh5 53. Kd3 Ng3 54. Ne3 f6 55. Kd4 Ne2+ 56. Ke4 fxe5 57. fxe5 Nc3+ 58. Kf4 Ne2+ 59. Kg5 Kxe5 60. Kxh5 Kf6 61. Kg4 Kg6 62. h5+ Kh7 63. Nf5 Nc3 1/2-1/2

[Event "Karl Mala Memorial op 14th"]
[Site "Frankfurt"]
[Date "2011.07.10"]
[Round "7"]
[White "Meiser, Nicolas"]
[Black "Weber, Samuel"]
[Result "1-0"]
[WhiteElo "1817"]
[BlackElo "1104"]
[PlyCount "79"]
[EventDate "2011.07.07"]
[EventType "swiss"]
[EventRounds "7"]
[EventCountry "GER"]
[SourceTitle "EXT 2012"]
[Source "ChessBase"]
[SourceDate "2011.11.24"]
[SourceVersion "1"]
[SourceVersionDate "2011.11.24"]
[SourceQuality "1"]

1. d4 f5 2. Nf3 Nf6 3. c3 g6 4. Qc2 Bg7 5. Nbd2 0-0 6. e4 d6 7. Bd3 Qe8 8. e5 dxe5 9. Nxe5 Nbd7 10. Ndf3 b6 11. Qb3+ Kh8 12. Bc4 Nxe5 13. Nxe5 e6 14. 0-0 Bb7 15. Bxe6 Qd8 16. Bg5 h6 17. Nxg6+ Kh7 18. Nxf8+ Qxf8 19. Bxf5+ Kh8 20. Bxf6 Qxf6 21. Qe6 Qg5 22. Be4 Bxe4 23. Qxe4 Rf8 24. Rae1 Bf6 25. Re3 Qg7 26. Qe6 Bg5 27. Rg3 Qf6 28. Qxf6+ Rxf6 29. Re3 Bxe3 30. fxe3 Rc6 31. e4 Kg7 32. e5 Re6 33. Rf3 a5 34. Kf2 Rg6 35. g3 Re6 36. Ke3 c6 37. Ke4 Kg6 38. c4 Re8 39. d5 cxd5+ 40. cxd5 1-0

[Event "Karl Mala Memorial op 14th"]
[Site "Frankfurt"]
[Date "2011.07.09"]
[Round "4"]
[White "Ehrlacher, Markus"]
[Black "Meiser, Nicolas"]
[Result "0-1"]
[WhiteElo "1928"]
[BlackElo "1817"]
[PlyCount "62"]
[EventDate "2011.07.07"]
[EventType "swiss"]
[EventRounds "7"]
[EventCountry "GER"]
[SourceTitle "EXT 2012"]
[Source "ChessBase"]
[SourceDate "2011.11.24"]
[SourceVersion "1"]
[SourceVersionDate "2011.11.24"]
[SourceQuality "1"]

1. d4 d5 2. Nf3 Nf6 3. e3 e6 4. Bd3 Bd6 5. Nbd2 Nbd7 6. 0-0 b6 7. e4 dxe4 8. Nxe4 Bb7 9. Nxd6+ cxd6 10. Bf4 Qe7 11. h3 0-0 12. c3 Ne4 13. Re1 f5 14. Nd2 e5 15. dxe5 dxe5 16. Nxe4 fxe4 17. Bc4+ Kh8 18. Bg3 Nc5 19. Qh5 Nd3 20. Bxd3 exd3 21. Qxe5 Qd7 22. Qd6 Qb5 23. Re7 Qxb2 24. Rd1 Ba6 25. Rxa7 Qe2 26. Rxa6 Rad8 27. Ra8 Qxd1+ 28. Kh2 Rxa8 29. Qxb6 d2 30. Qc7 Qe2 31. Be5 Rg8 0-1

[Event "Karl Mala Memorial op 14th"]
[Site "Frankfurt"]
[Date "2011.07.08"]
[Round "2"]
[White "Marchese, Gaspare"]
[Black "Meiser, Nicolas"]
[Result "1-0"]
[WhiteElo "2012"]
[BlackElo "1817"]
[PlyCount "53"]
[EventDate "2011.07.07"]
[EventType "swiss"]
[EventRounds "7"]
[EventCountry "GER"]
[SourceTitle "EXT 2012"]
[Source "ChessBase"]
[SourceDate "2011.11.24"]
[SourceVersion "1"]
[SourceVersionDate "2011.11.24"]
[SourceQuality "1"]

1. e4 c6 2. Nf3 d5 3. exd5 cxd5 4. Ne5 Nf6 5. d4 Nc6 6. c3 Bd7 7. Bd3 e6 8. Nd2 Bd6 9. Ndf3 h6 10. 0-0 Qc7 11. Qe2 a6 12. Re1 0-0 13. Bf4 Nh5 14. Bd2 Nf6 15. Rac1 b5 16. Bb1 Ne7 17. b3 Ba3 18. Rcd1 Bd6 19. Nh4 g5 20. Nhf3 Nf5 21. g4 Ne7 22. h4 Kg7 23. hxg5 hxg5 24. Nxg5 Bxe5 25. dxe5 Nfg8 26. Qd3 f5 27. Qh3 1-0

[Event "Frankfurt-ch"]
[Site "Frankfurt"]
[Date "2011.06.14"]
[Round "7"]
[White "Meiser, Nicolas"]
[Black "Goebel, Andreas"]
[Result "1/2-1/2"]
[WhiteElo "1725"]
[BlackElo "2032"]
[PlyCount "62"]
[EventDate "2011.05.02"]
[EventType "swiss"]
[EventRounds "7"]
[EventCountry "GER"]
[SourceTitle "EXT 2012"]
[Source "ChessBase"]
[SourceDate "2011.11.24"]
[SourceVersion "1"]
[SourceVersionDate "2011.11.24"]
[SourceQuality "1"]

1. d4 Nf6 2. Nf3 d5 3. e3 c6 4. Bd3 Bg4 5. Nbd2 e6 6. 0-0 Nbd7 7. b3 Bd6 8. Bb2 Qc7 9. h3 h5 10. c4 b6 11. e4 dxe4 12. Nxe4 Nxe4 13. Bxe4 Nf6 14. Bd3 Bxf3 15. Qxf3 Be7 16. Rfe1 Kf8 17. Rad1 Rd8 18. Bb1 g5 19. d5 g4 20. Qe2 cxd5 21. cxd5 gxh3 22. dxe6 Rxd1 23. Rxd1 Rg8 24. Bxf6 Rxg2+ 25. Kf1 Bxf6 26. Qxh5 fxe6 27. Qxh3 Rh2 28. Qf3 Ke7 29. Qe4 Rh4 30. Qg2 Rh2 31. Qe4 Rh4 1/2-1/2

[Event "Frankfurt-ch"]
[Site "Frankfurt"]
[Date "2011.05.16"]
[Round "3"]
[White "Meiser, Nicolas"]
[Black "Tierling, Detlef"]
[Result "1-0"]
[WhiteElo "1725"]
[BlackElo "2036"]
[PlyCount "131"]
[EventDate "2011.05.02"]
[EventType "swiss"]
[EventRounds "7"]
[EventCountry "GER"]
[SourceTitle "EXT 2012"]
[Source "ChessBase"]
[SourceDate "2011.11.24"]
[SourceVersion "1"]
[SourceVersionDate "2011.11.24"]
[SourceQuality "1"]

1. d4 Nf6 2. Nf3 g6 3. e3 Bg7 4. b3 0-0 5. Bb2 c5 6. c3 b6 7. Nbd2 Bb7 8. Bd3 d5 9. Qc2 Nc6 10. Ba3 Nd7 11. dxc5 Nxc5 12. Be2 Qc7 13. Rc1 Rfe8 14. b4 Ne4 15. Nxe4 dxe4 16. Nd4 Rac8 17. Nxc6 Qxc6 18. c4 f5 19. Qb3 Kh8 20. 0-0 g5 21. Bh5 Rf8 22. Bb2 e5 23. f4 g4 24. h3 gxh3 25. gxh3 Qh6 26. Bd1 Qxh3 27. Rc2 Rc6 28. Rg2 Rg6 29. Rxg6 hxg6 30. Rf2 Qg3+ 31. Rg2 Qe1+ 32. Kh2 Kh7 33. Re2 Qh4+ 34. Kg1 Qg3+ 35. Kf1 Rd8 36. Rg2 Qh3 37. Kg1 Bh6 38. c5 Bd5 39. Qc3 exf4 40. Qf6 Qxe3+ 41. Kh2 Rg8 42. Qe7+ Rg7 43. Bxg7 Bxg7 44. Qh4+ Bh6 45. Qf6 g5 46. Qxf5+ Kg7 47. Qxd5 f3 48. Qe5+ Kg6 49. Qe8+ Kf6 50. Qc6+ Kg7 51. Qd7+ Kg6 52. Qd6+ Kg7 53. Bb3 Kh7 54. Qd7+ Bg7 55. Qf5+ Kh6 56. Rg3 Qd2+ 57. Kh3 f2 58. Bf7 Qd7 59. Qxd7 f1Q+ 60. Kg4 Qe2+ 61. Kf5 Qf2+ 62. Kxe4 Qc2+ 63. Kd5 Qd1+ 64. Kc6 Qa4+ 65. b5 Qe4+ 66. Qd5 1-0

[Event "GER-ch Net qual4 U25"]
[Site "Playchess.com INT"]
[Date "2011.05.11"]
[Round "3"]
[White "Meiser, Nicolas"]
[Black "Schnoor, Ekkehard"]
[Result "0-1"]
[WhiteElo "1630"]
[BlackElo "1774"]
[PlyCount "102"]
[EventDate "2011.05.11"]
[EventType "swiss (blitz)"]
[EventRounds "7"]
[EventCountry "GER"]
[SourceTitle "CBM 142 Extra"]
[Source "ChessBase"]
[SourceDate "2011.06.27"]
[SourceVersion "1"]
[SourceVersionDate "2011.06.27"]
[SourceQuality "1"]

1. d4 d5 2. Nf3 Nf6 3. e3 Bg4 4. Bd3 e6 5. Nbd2 c5 6. c3 Nc6 7. 0-0 Bd6 8. Qe2 0-0 9. Re1 a6 10. dxc5 Bxc5 11. Nb3 Bd6 12. Qc2 Bxf3 13. gxf3 Ne5 14. Be2 b5 15. f4 Nc4 16. Nd4 Ne4 17. b3 Nb6 18. f3 Nf6 19. Bf1 Rc8 20. Bb2 e5 21. fxe5 Bxe5 22. Qg2 Re8 23. Bd3 Nbd7 24. Kh1 Bd6 25. Rg1 g6 26. Rae1 Ne5 27. Bb1 b4 28. cxb4 Bxb4 29. Rc1 Bc5 30. h3 Qd6 31. Rgd1 Ba3 32. Rxc8 Rxc8 33. Ba1 Nh5 34. f4 Nd7 35. Bd3 Nc5 36. Be2 Re8 37. Bxh5 Rxe3 38. Bf3 Ne4 39. Bxe4 Rxe4 40. Ne2 Bb4 41. Qf3 Qe6 42. Ng3 Qxh3+ 43. Kg1 Bc5+ 44. Bd4 Rxd4 45. Re1 Rxf4+ 46. Qe3 Bxe3+ 47. Rxe3 Rg4 48. Kf2 Qh2+ 49. Kf1 Rxg3 50. Re8+ Kg7 51. Rg8+ Kxg8 0-1

[Event "GER-ch Net qual4 U25"]
[Site "Playchess.com INT"]
[Date "2011.05.11"]
[Round "7"]
[White "Meiser, Nicolas"]
[Black "Walter, Stefan1"]
[Result "0-1"]
[WhiteElo "1630"]
[BlackElo "2306"]
[PlyCount "112"]
[EventDate "2011.05.11"]
[EventType "swiss (blitz)"]
[EventRounds "7"]
[EventCountry "GER"]
[SourceTitle "CBM 142 Extra"]
[Source "ChessBase"]
[SourceDate "2011.06.27"]
[SourceVersion "1"]
[SourceVersionDate "2011.06.27"]
[SourceQuality "1"]

1. d4 Nf6 2. Nf3 c5 3. e3 b6 4. Bd3 e6 5. c3 Ba6 6. c4 cxd4 7. exd4 Qc7 8. Nbd2 Be7 9. 0-0 0-0 10. b3 d5 11. Bb2 dxc4 12. bxc4 Nbd7 13. Qa4 Bb7 14. Ba3 Bxa3 15. Qxa3 Rfd8 16. Rfd1 e5 17. dxe5 Nxe5 18. Nxe5 Qxe5 19. Rac1 Rd4 20. Bf1 Rad8 21. Qxa7 Qc7 22. c5 bxc5 23. Rxc5 Qe7 24. Rc8 Rxd2 25. Rxd2 Rxc8 26. Rb2 Rc7 27. Qb8+ Ne8 28. h3 Bc6 29. Rc2 g6 30. Qb6 Qd7 31. Re2 Nd6 32. Qb8+ Rc8 33. Qb4 Nf5 34. Rd2 Qe7 35. Qc4 Bb7 36. Qg4 h5 37. Qf4 h4 38. Rb2 Rc7 39. Qd2 Kg7 40. Qa5 Bc6 41. Rb6 Be8 42. Rb8 Rc1 43. Qa8 Qe1 44. Qa6 Bc6 45. Rb6 Bd5 46. Rb2 Bc4 47. Qxc4 Rxc4 48. Re2 Qa5 49. Rb2 Ra4 50. Bc4 Rxc4 51. a3 Qxa3 52. Rb4 Rc1+ 53. Kh2 Qxb4 54. f3 Qb8+ 55. f4 Qxf4+ 56. g3 Qxg3# 0-1

[Event "GER-ch Net qual4 U25"]
[Site "Playchess.com INT"]
[Date "2011.05.11"]
[Round "5"]
[White "Wickenfeld, Stefan"]
[Black "Meiser, Nicolas"]
[Result "0-1"]
[WhiteElo "2225"]
[BlackElo "1630"]
[PlyCount "42"]
[EventDate "2011.05.11"]
[EventType "swiss (blitz)"]
[EventRounds "7"]
[EventCountry "GER"]
[SourceTitle "CBM 142 Extra"]
[Source "ChessBase"]
[SourceDate "2011.06.27"]
[SourceVersion "1"]
[SourceVersionDate "2011.06.27"]
[SourceQuality "1"]

1. e4 c6 2. Nc3 d5 3. Qf3 dxe4 4. Nxe4 Nf6 5. Bc4 e6 6. Ne2 Nbd7 7. d4 Qb6 8. Ng5 h6 9. Nxf7 Kxf7 10. Nf4 Qb4+ 11. Bd2 Qxc4 12. 0-0-0 Bb4 13. c3 Bd6 14. Nh5 Rf8 15. Rhe1 Qd5 16. Nxf6 Nxf6 17. Qh3 Qf5 18. Qh4 Qg4 19. Qxg4 Nxg4 20. f3 Nf6 21. Kc2 Re8 0-1

[Event "Hessen-ch Gr-D 65th"]
[Site "Gladenbach"]
[Date "2011.04.24"]
[Round "5"]
[White "Meiser, Nicolas"]
[Black "Lenz, Jonas"]
[Result "1/2-1/2"]
[WhiteElo "1764"]
[BlackElo "1618"]
[PlyCount "40"]
[EventDate "2011.04.22"]
[EventType "swiss"]
[EventRounds "5"]
[EventCountry "GER"]
[SourceTitle "CBM 142 Extra"]
[Source "ChessBase"]
[SourceDate "2011.06.27"]
[SourceVersion "1"]
[SourceVersionDate "2011.06.27"]
[SourceQuality "1"]

1. d4 Nf6 2. Nf3 e6 3. e3 d5 4. Bd3 Bd6 5. Nbd2 0-0 6. 0-0 Nbd7 7. c3 e5 8. dxe5 Nxe5 9. Nxe5 Bxe5 10. Nf3 Bg4 11. h3 Bxf3 12. Qxf3 Re8 13. Rd1 Qe7 14. a4 c6 15. a5 b5 16. Bd2 a6 17. b3 Ne4 18. Bxe4 dxe4 19. Qe2 c5 20. Ra2 Rad8 1/2-1/2

[Event "Hessen-ch Gr-D 65th"]
[Site "Gladenbach"]
[Date "2011.04.23"]
[Round "3"]
[White "Meiser, Nicolas"]
[Black "Fichtl, Andreas"]
[Result "1/2-1/2"]
[WhiteElo "1764"]
[BlackElo "1817"]
[PlyCount "120"]
[EventDate "2011.04.22"]
[EventType "swiss"]
[EventRounds "5"]
[EventCountry "GER"]
[SourceTitle "CBM 142 Extra"]
[Source "ChessBase"]
[SourceDate "2011.06.27"]
[SourceVersion "1"]
[SourceVersionDate "2011.06.27"]
[SourceQuality "1"]

1. d4 d5 2. Nf3 Nf6 3. e3 Bf5 4. Bd3 Bxd3 5. cxd3 e6 6. Nc3 Nbd7 7. Qb3 b6 8. 0-0 c5 9. Re1 cxd4 10. Nxd4 Nc5 11. Qc2 Bd6 12. Ncb5 0-0 13. b4 Nb7 14. Nxd6 Nxd6 15. a4 Qd7 16. Bb2 Rfc8 17. Qb3 Rc7 18. Nf3 Nfe8 19. e4 dxe4 20. dxe4 Rac8 21. Rad1 Qe7 22. Rd3 Nb7 23. Ne5 f6 24. Nf3 Kh8 25. Nd4 Rc4 26. Ba3 e5 27. Nb5 a6 28. Nc3 Qc7 29. Nd5 Qd8 30. f3 b5 31. axb5 axb5 32. Red1 h6 33. Ne3 Qb6 34. Kf1 R4c7 35. Nd5 Qc6 36. Nxc7 Rxc7 37. Rc1 Qb6 38. Rxc7 Qxc7 39. Rc3 Qd7 40. Bc1 Ned6 41. Rd3 Qc6 42. Be3 Nc4 43. Rd5 Qa6 44. Bc5 Qa1+ 45. Kf2 Qc1 46. Bf8 Kh7 47. Bxg7 Nbd6 48. Rxd6 Kxg7 49. Rd7+ Kg6 50. Rd1 Qg5 51. g3 h5 52. Qc3 h4 53. Qc1 Qh5 54. g4 Qh7 55. Rd5 h3 56. Kg3 Qa7 57. Rxb5 Qa2 58. Qf1 Qd2 59. Qxc4 Qg2+ 60. Kh4 Qf2+ 1/2-1/2

[Event "Frankfurt-ch"]
[Site "Frankfurt"]
[Date "2007.06.04"]
[Round "5"]
[White "Stricker, Konstantin"]
[Black "Meiser, Nicolas"]
[Result "1-0"]
[WhiteElo "1688"]
[BlackElo "1214"]
[PlyCount "97"]
[EventDate "2007.04.30"]
[EventType "swiss"]
[EventRounds "7"]
[EventCountry "GER"]
[SourceTitle "EXT 2008"]
[Source "ChessBase"]
[SourceDate "2007.11.25"]
[SourceVersion "1"]
[SourceVersionDate "2007.11.25"]
[SourceQuality "1"]

1. e4 c6 2. d4 d5 3. exd5 cxd5 4. Nf3 Bg4 5. Be2 Nf6 6. 0-0 e6 7. h3 Bh5 8. Re1 Bd6 9. Bg5 Nbd7 10. Nbd2 0-0 11. Nf1 Qb6 12. Bc1 Rac8 13. c3 a5 14. Ne5 Bxe2 15. Nxd7 Nxd7 16. Qxe2 e5 17. dxe5 Bxe5 18. Qg4 Qd6 19. Ne3 Nf6 20. Qf3 Rfe8 21. Rd1 Rc5 22. Nf5 Qe6 23. Be3 Rb5 24. Rab1 g6 25. Nd4 Bxd4 26. Bxd4 Ne4 27. Re1 Qc6 28. Qd1 a4 29. f3 Ng3 30. Rxe8+ Qxe8 31. Bf2 Ne2+ 32. Kf1 Nf4 33. Qd2 Nh5 34. Re1 Qc8 35. Kg1 Qf8 36. Re5 a3 37. b3 Nf6 38. b4 Qd6 39. Bd4 Qd7 40. Qh6 Qd8 41. Qe3 Kg7 42. Qe2 Qd7 43. g4 Kf8 44. Qe3 Ng8 45. Bc5+ Kg7 46. Re8 Nf6 47. Bd4 h6 48. Bxf6+ Kxf6 49. Qe5# 1-0

[Event "Frankfurt-ch"]
[Site "Frankfurt"]
[Date "2007.05.21"]
[Round "4"]
[White "Meiser, Nicolas"]
[Black "Djakow, Alexander"]
[Result "0-1"]
[WhiteElo "1214"]
[BlackElo "1813"]
[PlyCount "122"]
[EventDate "2007.04.30"]
[EventType "swiss"]
[EventRounds "7"]
[EventCountry "GER"]
[SourceTitle "EXT 2008"]
[Source "ChessBase"]
[SourceDate "2007.11.25"]
[SourceVersion "1"]
[SourceVersionDate "2007.11.25"]
[SourceQuality "1"]

1. d4 d5 2. e3 Nf6 3. Bd3 e6 4. Nf3 c5 5. c3 Bd6 6. Nbd2 Nc6 7. 0-0 0-0 8. e4 dxe4 9. Nxe4 Nxe4 10. Bxe4 Qc7 11. dxc5 Bxc5 12. Re1 e5 13. Be3 Bd6 14. Qc2 f5 15. Bd5+ Kh8 16. Ng5 e4 17. h3 Nb4 18. Qb3 Nd3 19. Red1 Ne5 20. Ne6 Bxe6 21. Bxe6 f4 22. Bd4 f3 23. Bxe5 Bxe5 24. Rd7 Bh2+ 25. Kh1 fxg2+ 26. Kxg2 Qf4 27. Bf7 e3 28. fxe3 Qg3+ 29. Kh1 Qxh3 30. Qe6 Qh4 31. Rd4 Bf4+ 32. Kg2 Qg3+ 33. Kf1 Qf3+ 34. Ke1 Bxe3 35. Rd3 Qf2+ 36. Kd1 Rad8 37. Qe4 Qf1+ 38. Kc2 Qe2+ 39. Kb3 Qxd3 40. Qxd3 Rxd3 41. Bc4 Rd6 42. Re1 Bh6 43. Re7 g5 44. Be2 Rd2 45. a3 Rxe2 46. Rxe2 g4 47. Rg2 Rg8 48. a4 Be3 49. Kc2 h5 50. Kd3 Bb6 51. b4 Kg7 52. a5 Bd8 53. Ke4 Kg6 54. Rd2 g3 55. Kf3 h4 56. Rd6+ Kf5 57. Kg2 Kg4 58. Rd7 Rf8 59. Rxb7 Rf2+ 60. Kg1 Bf6 61. Rd7 Kf3 0-1

[Event "Frankfurt-ch"]
[Site "Frankfurt"]
[Date "2007.05.14"]
[Round "3"]
[White "Budde, Michael"]
[Black "Meiser, Nicolas"]
[Result "0-1"]
[WhiteElo "1598"]
[BlackElo "1214"]
[PlyCount "106"]
[EventDate "2007.04.30"]
[EventType "swiss"]
[EventRounds "7"]
[EventCountry "GER"]
[SourceTitle "EXT 2008"]
[Source "ChessBase"]
[SourceDate "2007.11.25"]
[SourceVersion "1"]
[SourceVersionDate "2007.11.25"]
[SourceQuality "1"]

1. e4 c6 2. d4 d5 3. exd5 cxd5 4. Nc3 Bf5 5. Nf3 Nf6 6. Bb5+ Nc6 7. Ne5 Qb6 8. 0-0 a6 9. Bxc6+ bxc6 10. Na4 Qc7 11. Bf4 Qa5 12. c3 Rc8 13. Nc5 e6 14. b4 Qb6 15. Qa4 Bxc5 16. bxc5 Qb7 17. c4 0-0 18. f3 Rfd8 19. g4 Bg6 20. Nxg6 hxg6 21. Rab1 Qa8 22. Rb6 dxc4 23. Rxa6 Qb7 24. Rb6 Qd7 25. Bd6 Ne8 26. Qxc4 Nxd6 27. cxd6 Qxd6 28. Rc1 Qxd4+ 29. Qxd4 Rxd4 30. Rbxc6 Rxc6 31. Rxc6 Rd1+ 32. Kg2 Rd2+ 33. Kg3 Rxa2 34. g5 Re2 35. Rc4 f6 36. Re4 Rxe4 37. fxe4 Kf7 38. e5 f5 39. Kf4 Ke7 40. Ke3 Kd7 41. Kd4 Kc7 42. Kc5 Kd7 43. Kd4 Kc6 44. h3 Kb5 45. Kd3 Kc5 46. Ke3 Kd5 47. Kf4 Kd4 48. h4 Kc4 49. Ke3 Kd5 50. Kf4 Kd4 51. Kf3 Kxe5 52. Ke3 f4+ 53. Kf3 Kf5 0-1

[Event "Frankfurt-ch"]
[Site "Frankfurt"]
[Date "2007.05.07"]
[Round "2"]
[White "Meiser, Nicolas"]
[Black "Cors, Heinz Friedrich"]
[Result "0-1"]
[WhiteElo "1214"]
[BlackElo "2008"]
[PlyCount "70"]
[EventDate "2007.04.30"]
[EventType "swiss"]
[EventRounds "7"]
[EventCountry "GER"]
[SourceTitle "EXT 2008"]
[Source "ChessBase"]
[SourceDate "2007.11.25"]
[SourceVersion "1"]
[SourceVersionDate "2007.11.25"]
[SourceQuality "1"]

1. d4 Nf6 2. e3 e6 3. Nf3 b6 4. Nbd2 Bb7 5. Bd3 d5 6. 0-0 Be7 7. Re1 c5 8. c3 Nc6 9. a4 0-0 10. Qe2 Rc8 11. dxc5 bxc5 12. e4 Qc7 13. exd5 exd5 14. Ne5 Nxe5 15. Qxe5 Bd6 16. Qf5 Bxh2+ 17. Kh1 Rfe8 18. Rxe8+ Rxe8 19. Nf3 Bd6 20. Bg5 Bc8 21. Bxf6 Bxf5 22. Bxf5 gxf6 23. Rd1 Qe7 24. Kg1 Qe2 25. Rb1 d4 26. Bd7 Re7 27. Bb5 Qc2 28. Rf1 d3 29. Ne1 Rxe1 30. Rxe1 d2 31. Rf1 d1Q 32. g3 Qf3 33. Be2 Qcxe2 34. b4 Qee4 35. bxc5 Qg2# 0-1